| 000 | 00672nam a22002057a 4500 | ||
|---|---|---|---|
| 003 | OSt | ||
| 005 | 20260421072717.0 | ||
| 008 | 260421b |||||||| |||| 00| 0 eng d | ||
| 020 | _a971-555-326-5. | ||
| 040 |
_aDWCL Main Lib. _cOC |
||
| 082 | _a155.8 C473f 2000 | ||
| 100 | _aChurch , A. Timothy | ||
| 245 |
_aFilipino personality indigenous and cross-cultural studies/ _cA. Timothy Church |
||
| 260 |
_aManila: _bDe La Salle University Press, Inc., _cc2000. |
||
| 300 |
_aix, 213 p. ; _c23 cm. |
||
| 504 | _aIncludes references and index. | ||
| 650 | _aNational Characteristics, Philippine. | ||
| 700 | _aKatigbak, Marcia S. | ||
| 942 |
_2ddc _cBK - FIL _hFil. _n0 |
||
| 999 |
_c9592 _d9592 |
||